| 000 | 00636nam a2200193 a 4500 | ||
|---|---|---|---|
| 005 | 20240924064451.0 | ||
| 008 | 010702s19962001mx r 000 0 spa d | ||
| 020 | _a9507013067 | ||
| 035 | _aUPN01000109080 | ||
| 049 | _aCG | ||
| 050 | 4 |
_aLB1775.4 A7 _bA7.7 1996 |
|
| 245 | 0 | 0 |
_aArticulación entre el jardin y la EGB : _bla alfabetización expandida / _ccomp. María Teresa González Cuberes. |
| 250 | _a2a ed. | ||
| 260 |
_aBuenos Aires : _bAique, _c1996 (2001 impr.). |
||
| 300 | _a208 p. | ||
| 650 | 4 |
_aEducación preescolar _zArgentina _913592 |
|
| 700 | 1 |
_aGonzález Cuberes, María Teresa, _d1941- _ecomp. _928881 |
|
| 905 | _aLibro | ||
| 999 |
_c82991 _d82991 |
||